LEADER 00994nam a2200265 i 4500 001 991000745789707536 005 20020507173038.0 008 960918s1960 us ||| | eng 035 $ab10751518-39ule_inst 035 $aLE01301668$9ExL 040 $aDip.to Matematica$beng 082 0 $a516.36 084 $aAMS 53C10 100 1 $aPalais, Richard S.$049709 245 14$aThe classification of G-spaces /$cby Richard S. Palais 260 $aProvidence, R.I. :$bAmerican Mathematical Society,$c1960 300 $aiii, 72 p. ;$c26 cm. 500 $aCostituisce il n. 36 (1960) della rivista "Memoirs of the American Mathematical Society" 650 4$aG-structures 907 $a.b10751518$b21-09-06$c28-06-02 912 $a991000745789707536 945 $aLE013 53C PAL11 (1960)$g1$i2013000060057$lle013$o-$pE0.00$q-$rl$s- $t0$u0$v0$w0$x0$y.i10844557$z28-06-02 996 $aClassification of G-spaces$9911394 997 $aUNISALENTO 998 $ale013$b01-01-96$cm$da $e-$feng$gus $h4$i1